Carregant...

Art of conversation /

Dades bibliogràfiques
Autor principal: Harris, Godfrey
Format: Printed Book
Idioma:English
Publicat: Bombay : Jaico Publishing House, 2003.
Matèries:
LEADER 00507nam a2200145Ia 4500
008 160114b xxu||||| |||| 00| 0 eng d
082 |a 808.56 
100 |a Harris, Godfrey 
245 |a Art of conversation /  |c By Godfrey Harris 
260 |a Bombay :  |b Jaico Publishing House,   |c 2003. 
300 |a 96 p. 
653 |a Conversation 
942 |c BK 
999 |c 143733  |d 143733 
952 |0 0  |1 0  |4 0  |6 808_560000000000000_HAR_A  |7 0  |9 153011  |a LIS  |b LIS  |c ST1  |d 2006-04-07  |g 80.00  |i 02438  |l 0  |o 808.56 HAR/A  |p LIS2438  |r 2016-07-26  |w 2016-07-26  |y BK